| 000 | 00350nam a2200133Ia 4500 | ||
|---|---|---|---|
| 008 | 100328s9999 xx 000 0 und d | ||
| 082 | _b2075 | ||
| 100 | _aChurchil Winston S. | ||
| 245 | _aThe Second World War Vol-IV | ||
| 260 | _bCassell & Co. | ||
| 630 | _aThe Second World War Vol-IV | ||
| 730 | _aThe Second World War Vol-IV | ||
| 942 | _cBOOK | ||
| 999 |
_c498308 _d498305 |
||